000 00444nam a22001217a 4500
040 _cHS
082 _a657
100 _aSAM GHANTHY
245 _aFinancial accounting part1
260 _aវិទ្យាស្ថានសេដ្ឋកិច្ច និងហិរញ្ញវត្ថ្ នៃក្រសួងសេដ្ឋកិច្ច និងហិរញ្ញវត្ថុ
_bSAM GHANTHY
_c2000
300 _a80p;
942 _cKB
999 _c8866
_d8866